Zanechajme spory o nepodstatné

Bibliographic Details
Main Author: Švejna, Ivan (Author)
Format: Article
Language:Slovak
ISSN:1335-440X
Subjects:

MARC

LEADER 00000nab a2200000 ar4500
001 vtls008945795
003 SK-MaSNL
005 20260426070646.0
008 070214c20070118xo dr|p|||||||000 b|slo
015 |a SNBRB2007/02  |2 snkbucl 
040 |a SNKBUCL  |b slo  |c SNKBUCL  |e AACR2 
041 0 |a slo 
044 |a xo  |c SK 
080 |a 368.914.336.714  |x (437.6)  |2 2001 
080 |a 336.722.14  |2 2001 
100 1 |a Švejna, Ivan  |4 aut  |9 467035 
245 1 0 |a Zanechajme spory o nepodstatné  |c Ivan Švejna 
500 |a Od 15.1.2007 návrat k pôvodnému vročeniu 
650 0 7 |a dôchodkové systémy   |2 snkbucl  |9 74017 
650 0 7 |a starobné dôchodkové sporenie  |2 snkbucl  |9 58138 
651 7 |a Slovensko  |2 snkbucl  |9 14231 
773 0 |t Sme  |g Roč. 15, č. 14 (18.1.2007), s. 40  |x 1335-440X 
852 |a SNK  |b KIS3GCP 
958 |a SK 
999 |c 2669873  |d 2671803